00268nam a2200109Ia 4500008004100000100002100041245003600062260002400098650001400122942000700136999001500143190216s9999||||xx |||||||||||||| ||und|| aSamual Glasstone 0aText Book Of Physical Chemistry bMacmillan India Ltd aChemistry cBK c2534d2534